[Event "MPA 1820 2024"]
[Site "Sianozety"]
[Date "2024.04.12"]
[Round "3.9"]
[White "Zeluk, Karol"]
[Black "Bierla, Slawomir"]
[Result "1-0"]
[BlackElo "1712"]
[WhiteElo "1585"]
[LiveChessVersion "1.4.4"]

1. e4 {[%clk 1:30:53]} c6 {[%clk 1:30:56]} 2. d4 {[%clk 1:30:56]} d5
{[%clk 1:31:20]} 3. Nc3 {[%clk 1:30:24]} dxe4 {[%clk 1:31:43]} 4. Nxe4
{[%clk 1:30:49]} Nf6 {[%clk 1:32:07]} 5. Nxf6+ {[%clk 1:30:41]} exf6
{[%clk 1:32:31]} 6. Be3 {[%clk 1:30:21]} Bd6 {[%clk 1:32:48]} 7. Bd3
{[%clk 1:30:01]} O-O {[%clk 1:32:12]} 8. h3 {[%clk 1:25:31]} Re8 {[%clk 1:27:48]}
9. Nf3 {[%clk 1:24:11]} Nd7 {[%clk 1:24:17]} 10. O-O {[%clk 1:24:11]} Nf8
{[%clk 1:23:49]} 11. Qd2 {[%clk 1:20:01]} Ng6 {[%clk 1:22:07]} 12. Rad1
{[%clk 1:18:16]} f5 {[%clk 1:22:03]} 13. Qc1 {[%clk 1:14:45]} Qa5
{[%clk 1:16:27]} 14. a3 {[%clk 1:09:01]} Bd7 {[%clk 1:05:41]} 15. c4
{[%clk 1:01:47]} Rac8 {[%clk 1:06:03]} 16. c5 {[%clk 1:00:01]} Bb8
{[%clk 1:06:28]} 17. Qc2 {[%clk 0:58:10]} Qc7 18. Rfe1 {[%clk 0:33:05]} f4
{[%clk 0:46:03]} 19. Bd2 {[%clk 0:29:49]} Be6 {[%clk 0:42:49]} 20. Bc3
{[%clk 0:25:49]} Nf8 {[%clk 0:36:01]} 21. b4 {[%clk 0:25:50]} f6 {[%clk 0:35:46]}
22. Bb2 {[%clk 0:25:17]} Qd7 {[%clk 0:32:36]} 23. Bc4 {[%clk 0:23:55]} Kh8
{[%clk 0:28:32]} 24. Bxe6 {[%clk 0:23:29]} Rxe6 {[%clk 0:28:53]} 25. Rxe6
{[%clk 0:23:04]} Nxe6 {[%clk 0:29:17]} 26. Qf5 {[%clk 0:21:19]} Rd8
{[%clk 0:23:45]} 27. Re1 {[%clk 0:15:05]} Nc7 {[%clk 0:23:35]} 28. Qxd7
{[%clk 0:14:09]} Rxd7 {[%clk 0:23:55]} 29. Nd2 {[%clk 0:13:08]} Rd8
{[%clk 0:22:20]} 30. Re7 {[%clk 0:11:23]} Re8 {[%clk 0:22:09]} 31. Rd7
{[%clk 0:09:01]} b5 {[%clk 0:20:49]} 32. cxb6 {[%clk 0:08:33]} axb6
{[%clk 0:21:13]} 33. Nc4 {[%clk 0:08:43]} Nd5 {[%clk 0:20:40]} 34. Nd6
{[%clk 0:07:49]} Rf8 {[%clk 0:19:06]} 35. b5 {[%clk 0:06:46]} Kg8
{[%clk 0:13:40]} 36. bxc6 {[%clk 0:06:52]} Bc7 {[%clk 0:14:05]} 37. Nb5
{[%clk 0:06:57]} Rd8 {[%clk 0:14:12]} 38. Nxc7 {[%clk 0:06:58]} 1-0

[Event "MPA 1820 2024"]
[Site "Sianozety"]
[Date "2024.04.12"]
[Round "3.10"]
[White "Warsinski, Pawel"]
[Black "Sarnik, Blazej"]
[Result "1/2-1/2"]
[BlackElo "1447"]
[WhiteElo "1701"]
[LiveChessVersion "1.4.4"]

1. Nf3 {[%clk 1:30:56]} d5 {[%clk 1:30:53]} 2. g3 {[%clk 1:31:23]} c5
{[%clk 1:31:17]} 3. Bg2 {[%clk 1:31:49]} Nc6 {[%clk 1:31:42]} 4. d4
{[%clk 1:32:13]} f6 {[%clk 1:31:43]} 5. O-O {[%clk 1:27:15]} e5 {[%clk 1:31:27]}
6. dxe5 {[%clk 1:22:52]} fxe5 {[%clk 1:31:45]} 7. e4 {[%clk 1:02:17]} d4
{[%clk 1:30:26]} 8. c3 {[%clk 0:50:33]} Nf6 {[%clk 1:27:55]} 9. cxd4
{[%clk 0:50:50]} cxd4 {[%clk 1:28:08]} 10. Nbd2 {[%clk 0:45:07]} Bd6
{[%clk 1:24:39]} 11. Nc4 {[%clk 0:31:04]} Be6 {[%clk 1:20:01]} 12. Nxd6+
{[%clk 0:30:10]} Qxd6 {[%clk 1:20:26]} 13. Ng5 {[%clk 0:18:06]} Bc4
{[%clk 1:19:10]} 14. Re1 {[%clk 0:18:08]} h6 {[%clk 1:19:29]} 15. Nh3
{[%clk 0:17:17]} O-O-O {[%clk 1:13:09]} 16. Bd2 {[%clk 0:17:19]} g5
{[%clk 1:12:40]} 17. f3 {[%clk 0:16:43]} Be6 {[%clk 1:11:16]} 18. Qa4
{[%clk 0:12:28]} Kb8 {[%clk 1:08:52]} 19. b4 {[%clk 0:11:12]} d3 {[%clk 1:07:21]}
20. Nf2 {[%clk 0:08:41]} Nd4 {[%clk 1:04:34]} 21. Nxd3 {[%clk 0:08:16]} Ne2+
{[%clk 1:01:05]} 22. Rxe2 {[%clk 0:08:37]} Qd4+ {[%clk 0:59:50]} 23. Be3
{[%clk 0:08:14]} Qxa1+ {[%clk 1:00:06]} 24. Bf1 {[%clk 0:07:50]} b6
{[%clk 0:58:47]} 25. Qc6 {[%clk 0:03:24]} Bc8 {[%clk 0:38:06]} 26. Re1
{[%clk 0:02:39]} Qxa2 {[%clk 0:38:05]} 27. Qxf6 {[%clk 0:02:52]} Rhf8
{[%clk 0:36:00]} 28. Qxe5+ {[%clk 0:03:12]} Ka8 {[%clk 0:36:11]} 29. Qb2
{[%clk 0:03:06]} Qxb2 {[%clk 0:34:20]} 30. Nxb2 {[%clk 0:03:33]} Rxf3
{[%clk 0:34:28]} 31. Bg2 {[%clk 0:03:58]} Rf7 {[%clk 0:34:20]} 32. e5+
{[%clk 0:04:23]} Bb7 {[%clk 0:34:35]} 33. Nc4 {[%clk 0:04:44]} Bxg2
{[%clk 0:34:30]} 34. Kxg2 {[%clk 0:05:12]} Re7 {[%clk 0:34:11]} 35. h4
{[%clk 0:04:45]} gxh4 {[%clk 0:33:13]} 36. gxh4 {[%clk 0:04:35]} b5
{[%clk 0:33:00]} 37. Na5 {[%clk 0:03:31]} Rxe5 {[%clk 0:32:01]} 38. Nc6
{[%clk 0:03:02]} Rg8+ {[%clk 0:32:27]} 39. Kf3 {[%clk 0:01:37]} Rf5+
{[%clk 0:32:23]} 40. Ke4 {[%clk 0:01:22]} Rf6 {[%clk 0:32:21]} 41. Nxa7
{[%clk 0:01:32]} Re8+ {[%clk 0:29:48]} 42. Kd3 {[%clk 0:00:55]} Rd6+
{[%clk 0:29:53]} 43. Kc3 {[%clk 0:01:00]} Rde6 {[%clk 0:29:54]} 44. Kd3
{[%clk 0:01:07]} Rd8+ {[%clk 0:29:26]} 45. Kc3 {[%clk 0:01:32]} Rd5
{[%clk 0:29:05]} 46. Nxb5 {[%clk 0:00:43]} Rxb5 {[%clk 0:29:05]} 47. Ra1+
{[%clk 0:01:06]} Kb8 {[%clk 0:29:17]} 48. Kc4 {[%clk 0:00:54]} Rf5
{[%clk 0:29:06]} 49. Bc5 {[%clk 0:00:44]} Re4+ {[%clk 0:29:23]} 50. Kb5
{[%clk 0:01:05]} Rxh4 {[%clk 0:29:12]} 51. Kc6 {[%clk 0:01:25]} Rf6+
{[%clk 0:26:25]} 52. Bd6+ {[%clk 0:01:51]} Rxd6+ {[%clk 0:26:51]} 53. Kxd6
{[%clk 0:02:17]} Rxb4 {[%clk 0:27:13]} 54. Rh1 {[%clk 0:02:41]} Kb7
{[%clk 0:27:35]} 55. Ke7 {[%clk 0:02:54]} 1/2-1/2

[Event "MPA 1820 2024"]
[Site "Sianozety"]
[Date "2024.04.12"]
[Round "4.1"]
[White "Adamowicz, Michal"]
[Black "Kupiak, Sylwester"]
[Result "1-0"]
[BlackElo "1747"]
[WhiteElo "1741"]
[LiveChessVersion "1.4.4"]

1. e4 {[%clk 1:30:58]} d5 {[%clk 1:30:46]} 2. exd5 {[%clk 1:31:24]} Nf6
{[%clk 1:31:06]} 3. d4 {[%clk 1:31:49]} Nxd5 {[%clk 1:31:24]} 4. c4
{[%clk 1:32:13]} Nf6 {[%clk 1:31:48]} 5. Nc3 {[%clk 1:32:34]} e6 {[%clk 1:30:33]}
6. Nf3 {[%clk 1:32:47]} c6 {[%clk 1:30:53]} 7. Bd3 {[%clk 1:32:35]} Be7
{[%clk 1:31:07]} 8. O-O {[%clk 1:32:09]} O-O {[%clk 1:31:30]} 9. Qe2
{[%clk 1:30:32]} a6 {[%clk 1:30:16]} 10. Bg5 {[%clk 1:15:40]} h6 {[%clk 1:30:20]}
11. Bh4 {[%clk 1:10:20]} Nd5 {[%clk 1:16:15]} 12. cxd5 {[%clk 1:09:20]} Bxh4
{[%clk 1:14:53]} 13. Qe4 {[%clk 1:09:41]} Bxf2+ {[%clk 1:14:46]} 14. Rxf2
{[%clk 1:09:57]} f5 {[%clk 1:14:53]} 15. Qh4 {[%clk 1:08:49]} Qxh4
{[%clk 1:14:49]} 16. Nxh4 {[%clk 1:09:12]} exd5 {[%clk 1:15:13]} 17. Nxf5
{[%clk 1:08:34]} Nd7 {[%clk 1:14:59]} 18. Ne7+ {[%clk 1:08:57]} 1-0

[Event "MPA 1820 2024"]
[Site "Sianozety"]
[Date "2024.04.12"]
[Round "4.2"]
[White "Klonowski, Arkadiusz"]
[Black "Iwan, Patryk"]
[Result "0-1"]
[BlackElo "1815"]
[WhiteElo "1734"]
[LiveChessVersion "1.4.4"]

1. Nf3 {[%clk 1:30:59]} d5 {[%clk 1:30:54]} 2. c4 {[%clk 1:31:27]} d4
{[%clk 1:31:18]} 3. e3 {[%clk 1:31:51]} c5 {[%clk 1:31:00]} 4. exd4
{[%clk 1:29:36]} cxd4 {[%clk 1:31:28]} 5. b4 {[%clk 1:29:57]} g6 {[%clk 1:20:24]}
6. d3 {[%clk 1:30:21]} Bg7 {[%clk 1:20:12]} 7. g3 {[%clk 1:30:36]} Nd7
{[%clk 1:18:04]} 8. Bg2 {[%clk 1:29:41]} e5 {[%clk 1:18:07]} 9. O-O
{[%clk 1:25:42]} Ne7 {[%clk 1:17:23]} 10. Re1 {[%clk 1:26:00]} O-O
{[%clk 1:15:53]} 11. a4 {[%clk 1:26:27]} Re8 {[%clk 1:12:28]} 12. Nbd2
{[%clk 1:25:17]} a5 {[%clk 1:10:10]} 13. b5 {[%clk 1:24:49]} Ra7 {[%clk 1:09:03]}
14. Ne4 {[%clk 1:24:17]} Qc7 {[%clk 0:56:00]} 15. Ba3 {[%clk 1:23:59]} Nf5
{[%clk 0:49:39]} 16. c5 {[%clk 1:21:04]} b6 {[%clk 0:48:44]} 17. Rc1
{[%clk 1:15:05]} bxc5 18. Nxc5 {[%clk 1:13:10]} Qb6 {[%clk 0:47:02]} 19. Nxd7
{[%clk 1:08:49]} Rxd7 {[%clk 0:47:27]} 20. Rc6 {[%clk 1:07:06]} Qb8
{[%clk 0:47:02]} 21. Nd2 {[%clk 1:00:28]} Ne7 {[%clk 0:45:50]} 22. Bxe7
{[%clk 0:57:11]} Rdxe7 {[%clk 0:45:03]} 23. Nc4 {[%clk 0:56:26]} Ra7
{[%clk 0:43:46]} 24. f4 {[%clk 0:45:10]} Bd7 {[%clk 0:41:05]} 25. b6
{[%clk 0:40:59]} Ra6 {[%clk 0:39:17]} 26. Rc7 {[%clk 0:39:42]} Be6
{[%clk 0:38:12]} 27. Rb7 {[%clk 0:35:21]} Qd8 {[%clk 0:37:09]} 28. Qb3
{[%clk 0:30:59]} exf4 {[%clk 0:33:51]} 29. Qb5 {[%clk 0:29:21]} Ra8
{[%clk 0:26:26]} 30. gxf4 {[%clk 0:25:48]} Qh4 {[%clk 0:25:00]} 31. Qb1
{[%clk 0:25:13]} Bd5 {[%clk 0:20:51]} 32. Rbe7 {[%clk 0:24:51]} Rxe7
{[%clk 0:18:40]} 33. Rxe7 {[%clk 0:25:16]} Qxe7 {[%clk 0:17:44]} 34. Bxd5
{[%clk 0:25:35]} Rb8 {[%clk 0:16:59]} 35. b7 {[%clk 0:24:17]} Qc7
{[%clk 0:16:17]} 36. Qc1 {[%clk 0:22:21]} Bh6 {[%clk 0:11:53]} 37. Bxf7+
{[%clk 0:20:08]} Qxf7 {[%clk 0:11:14]} 38. Nd6 {[%clk 0:19:39]} Bxf4
{[%clk 0:05:31]} 39. Qc8+ {[%clk 0:19:22]} Qf8 {[%clk 0:05:40]} 40. Qe6+
{[%clk 0:19:43]} Kg7 {[%clk 0:05:21]} 41. Qd7+ {[%clk 0:19:13]} Kh8
{[%clk 0:05:29]} 42. Nf7+ {[%clk 0:17:59]} Kg8 {[%clk 0:05:49]} 43. Ne5
{[%clk 0:16:16]} Be3+ {[%clk 0:05:19]} 44. Kg2 {[%clk 0:16:44]} Qf2+
{[%clk 0:05:47]} 45. Kh3 {[%clk 0:16:55]} Qf5+ {[%clk 0:06:14]} 46. Ng4
{[%clk 0:16:58]} Qf3+ {[%clk 0:05:52]} 47. Kh4 {[%clk 0:17:10]} g5+
{[%clk 0:06:20]} 48. Kh5 {[%clk 0:17:25]} Qh3# {[%clk 0:06:46]} 0-1

[Event "MPA 1820 2024"]
[Site "Sianozety"]
[Date "2024.04.12"]
[Round "4.3"]
[White "Haluja, Wiktor"]
[Black "Czepczynski, Boguslaw"]
[Result "1-0"]
[BlackElo "1771"]
[WhiteElo "1756"]
[LiveChessVersion "1.4.4"]

1. e4 {[%clk 1:30:58]} g6 {[%clk 1:30:52]} 2. d4 {[%clk 1:31:14]} Bg7
{[%clk 1:31:15]} 3. Nc3 {[%clk 1:31:38]} d6 {[%clk 1:31:38]} 4. f4
{[%clk 1:30:28]} Nf6 {[%clk 1:31:46]} 5. Nf3 {[%clk 1:29:24]} O-O
{[%clk 1:32:05]} 6. Bd3 {[%clk 1:29:38]} c5 {[%clk 1:32:14]} 7. dxc5
{[%clk 1:30:00]} dxc5 {[%clk 1:32:37]} 8. e5 {[%clk 1:30:23]} Nd5
{[%clk 1:28:36]} 9. Nxd5 {[%clk 1:30:46]} Qxd5 {[%clk 1:28:34]} 10. Qe2
{[%clk 1:31:11]} Qc6 {[%clk 1:20:17]} 11. Be4 {[%clk 1:29:47]} Qc7
{[%clk 1:19:07]} 12. Be3 {[%clk 1:29:20]} Na6 {[%clk 1:18:03]} 13. O-O
{[%clk 1:22:46]} Bd7 {[%clk 0:57:38]} 14. c3 {[%clk 1:22:46]} Rab8
{[%clk 0:57:38]} 15. a4 {[%clk 1:12:23]} Rbc8 {[%clk 0:52:52]} 16. a5
{[%clk 1:01:33]} Bc6 {[%clk 0:39:22]} 17. Bc2 {[%clk 1:01:14]} e6
{[%clk 0:37:18]} 18. Ng5 {[%clk 0:57:47]} Qe7 {[%clk 0:34:04]} 19. Qg4
{[%clk 0:52:00]} h6 {[%clk 0:29:38]} 20. Ne4 {[%clk 0:49:39]} Bxe4
{[%clk 0:28:16]} 21. Bxe4 {[%clk 0:50:00]} c4 {[%clk 0:24:59]} 22. h4
{[%clk 0:42:00]} Nc5 {[%clk 0:22:39]} 23. Bxc5 {[%clk 0:40:11]} Rxc5
{[%clk 0:22:16]} 24. Ra4 {[%clk 0:26:47]} Rb5 {[%clk 0:18:04]} 25. Qe2
{[%clk 0:17:22]} Qxh4 {[%clk 0:18:01]} 26. Rxc4 {[%clk 0:16:16]} Rxa5
{[%clk 0:18:11]} 27. Bxb7 {[%clk 0:14:25]} g5 {[%clk 0:14:24]} 28. f5
{[%clk 0:03:48]} Qg3 {[%clk 0:13:56]} 29. f6 {[%clk 0:03:53]} Rxe5
{[%clk 0:13:00]} 30. Qf2 {[%clk 0:00:59]} Qxf2+ {[%clk 0:12:56]} 31. Rxf2
{[%clk 0:01:28]} Bh8 {[%clk 0:13:14]} 32. Ra4 {[%clk 0:01:05]} Rf5
{[%clk 0:12:29]} 33. Rxf5 {[%clk 0:00:47]} exf5 {[%clk 0:12:54]} 34. Rxa7
{[%clk 0:00:35]} Bxf6 {[%clk 0:13:07]} 35. Bd5 {[%clk 0:00:43]} Kg7
{[%clk 0:13:04]} 36. Rb7 {[%clk 0:00:50]} Be5 {[%clk 0:12:18]} 37. c4
{[%clk 0:00:50]} Kf6 {[%clk 0:10:17]} 38. Rb6+ {[%clk 0:00:37]} Kg7
{[%clk 0:09:35]} 39. Rb7 {[%clk 0:01:06]} Bd4+ {[%clk 0:08:54]} 40. Kf1
{[%clk 0:01:13]} h5 {[%clk 0:08:31]} 41. b4 {[%clk 0:01:13]} Kf6 {[%clk 0:07:57]}
42. c5 {[%clk 0:01:03]} h4 {[%clk 0:06:10]} 43. c6 g4 {[%clk 0:06:10]} 44. b5 f4
{[%clk 0:06:10]} 45. c7 Rc8 {[%clk 0:06:10]} 46. Bc4 g3 {[%clk 0:06:10]} 47. Be2
1-0

[Event "MPA 1820 2024"]
[Site "Sianozety"]
[Date "2024.04.12"]
[Round "4.4"]
[White "Szymkowiak, Damian"]
[Black "Kuriata, Karol"]
[Result "0-1"]
[BlackElo "1648"]
[WhiteElo "1813"]
[LiveChessVersion "1.4.4"]

1. e4 {[%clk 1:30:58]} c6 {[%clk 1:30:55]} 2. d4 {[%clk 1:31:04]} d5
{[%clk 1:31:18]} 3. exd5 {[%clk 1:31:10]} cxd5 {[%clk 1:31:37]} 4. c4
{[%clk 1:31:35]} Nf6 {[%clk 1:31:59]} 5. Nc3 {[%clk 1:31:55]} Nc6
{[%clk 1:32:11]} 6. Bg5 {[%clk 1:32:13]} dxc4 {[%clk 1:21:41]} 7. Bxc4
{[%clk 1:32:34]} e6 {[%clk 1:09:47]} 8. Nf3 {[%clk 1:29:55]} Be7 {[%clk 1:09:25]}
9. O-O {[%clk 1:30:00]} O-O {[%clk 1:09:29]} 10. Re1 {[%clk 1:30:06]} a6
{[%clk 1:03:14]} 11. a3 {[%clk 1:29:55]} b5 {[%clk 0:59:02]} 12. Bd3
{[%clk 1:29:52]} Bb7 {[%clk 0:58:09]} 13. b4 {[%clk 1:22:40]} Rc8
{[%clk 0:56:33]} 14. Rc1 {[%clk 1:23:00]} g6 {[%clk 0:44:04]} 15. Bb1
{[%clk 1:16:33]} Nd5 {[%clk 0:37:45]} 16. Ne4 {[%clk 1:12:19]} Bxg5
{[%clk 0:26:41]} 17. Nexg5 {[%clk 1:07:44]} Nf6 {[%clk 0:23:44]} 18. Ba2
{[%clk 1:05:04]} Ne7 {[%clk 0:15:55]} 19. Rxc8 {[%clk 0:56:58]} Bxc8
{[%clk 0:16:05]} 20. Ne5 {[%clk 0:54:46]} Ned5 {[%clk 0:14:23]} 21. Qd2
{[%clk 0:53:40]} Kg7 {[%clk 0:13:17]} 22. Rc1 {[%clk 0:53:44]} Bb7
{[%clk 0:13:21]} 23. Bb1 {[%clk 0:51:25]} Nd7 {[%clk 0:11:52]} 24. Nef3
{[%clk 0:50:45]} N7f6 {[%clk 0:11:14]} 25. Ne5 {[%clk 0:50:56]} Nd7
{[%clk 0:11:39]} 26. Nd3 {[%clk 0:50:47]} Qe7 {[%clk 0:09:05]} 27. Nc5
{[%clk 0:48:21]} Bc8 {[%clk 0:09:29]} 28. Re1 {[%clk 0:48:19]} N7f6
{[%clk 0:07:51]} 29. h4 {[%clk 0:44:39]} h6 {[%clk 0:05:54]} 30. Nf3
{[%clk 0:44:55]} Qd6 {[%clk 0:04:57]} 31. g3 {[%clk 0:43:34]} Qc7
{[%clk 0:04:41]} 32. Ne5 {[%clk 0:43:16]} Qd6 {[%clk 0:05:00]} 33. Qc2
{[%clk 0:43:11]} Ne7 {[%clk 0:04:49]} 34. Ncd3 {[%clk 0:33:50]} Nf5
{[%clk 0:03:22]} 35. d5 {[%clk 0:27:50]} Nxd5 {[%clk 0:02:04]} 36. h5
{[%clk 0:28:00]} g5 {[%clk 0:01:53]} 37. Nc5 {[%clk 0:26:05]} Nf6
{[%clk 0:01:48]} 38. Qc3 {[%clk 0:22:30]} Qd4 {[%clk 0:01:51]} 39. Qf3
{[%clk 0:22:42]} Ne7 {[%clk 0:01:21]} 40. Qe2 {[%clk 0:18:45]} Ned5
{[%clk 0:01:18]} 41. Nf3 {[%clk 0:15:51]} Qg4 {[%clk 0:01:00]} 42. Nd3
{[%clk 0:14:25]} Nc3 {[%clk 0:01:06]} 43. Qe3 {[%clk 0:13:34]} Bb7
{[%clk 0:00:48]} 44. Nde5 {[%clk 0:13:52]} Qh3 {[%clk 0:00:36]} 45. Qxc3
{[%clk 0:13:26]} g4 {[%clk 0:00:54]} 46. Be4 {[%clk 0:11:41]} Bxe4 47. Rxe4 Nxe4
48. Qd4 Nf6 49. Nxg4 Qxg4 0-1

[Event "MPA 1820 2024"]
[Site "Sianozety"]
[Date "2024.04.12"]
[Round "4.5"]
[White "Mencfel, Artur"]
[Black "Zeluk, Karol"]
[Result "1-0"]
[BlackElo "1585"]
[WhiteElo "1757"]
[LiveChessVersion "1.4.4"]

1. d4 {[%clk 1:30:57]} Nf6 {[%clk 1:30:54]} 2. Bf4 {[%clk 1:31:19]} d6
{[%clk 1:31:00]} 3. e3 {[%clk 1:31:43]} Nbd7 {[%clk 1:30:26]} 4. Nc3
{[%clk 1:32:00]} e5 {[%clk 1:28:16]} 5. Bg3 {[%clk 1:31:47]} e4 {[%clk 1:26:45]}
6. f3 {[%clk 1:30:05]} d5 {[%clk 1:26:31]} 7. fxe4 {[%clk 1:30:24]} dxe4
{[%clk 1:26:02]} 8. Bc4 {[%clk 1:30:42]} Nb6 {[%clk 1:24:40]} 9. Bb3
{[%clk 1:31:06]} Bb4 {[%clk 1:15:51]} 10. Nge2 {[%clk 1:30:31]} Nbd5 11. Kd2
{[%clk 1:28:47]} Bg4 {[%clk 1:02:50]} 12. h3 {[%clk 1:25:09]} Bh5
{[%clk 1:02:03]} 13. a3 {[%clk 1:24:16]} Ba5 {[%clk 1:01:42]} 14. Bh4
{[%clk 1:23:57]} Nxc3 {[%clk 0:53:17]} 15. bxc3 {[%clk 1:24:17]} c5
{[%clk 0:53:10]} 16. Bxf6 {[%clk 1:23:20]} Qxf6 {[%clk 0:52:41]} 17. Ba4+ Kf8
{[%clk 0:45:15]} 18. g4 {[%clk 1:23:40]} Bg6 {[%clk 0:45:35]} 19. Qf1
{[%clk 1:22:07]} Qa6 {[%clk 0:39:49]} 20. Rb1 {[%clk 1:13:36]} cxd4
{[%clk 0:29:39]} 21. exd4 Bd8 {[%clk 0:23:06]} 22. Bb3 {[%clk 1:01:49]} Qxa3
{[%clk 0:14:15]} 23. h4 {[%clk 1:01:59]} h5 {[%clk 0:13:20]} 24. Nf4
{[%clk 1:01:49]} e3+ {[%clk 0:10:58]} 25. Kd1 {[%clk 0:58:48]} Qd6 26. Nxg6+
{[%clk 0:46:01]} Qxg6 {[%clk 0:09:27]} 27. g5 {[%clk 0:45:45]} Ba5
{[%clk 0:07:52]} 28. Qc4 {[%clk 0:43:13]} Re8 {[%clk 0:07:32]} 29. Ke2
{[%clk 0:42:27]} Kg8 {[%clk 0:05:22]} 30. Rhf1 {[%clk 0:42:24]} Qe4
{[%clk 0:03:17]} 31. Qxf7+ {[%clk 0:42:02]} 1-0

[Event "MPA 1820 2024"]
[Site "Sianozety"]
[Date "2024.04.12"]
[Round "4.6"]
[White "Pietras, Maksymilian"]
[Black "Hombek, Mariusz"]
[Result "0-1"]
[BlackElo "1531"]
[WhiteElo "1733"]
[LiveChessVersion "1.4.4"]

1. d4 {[%clk 1:30:56]} g6 {[%clk 1:30:42]} 2. c4 {[%clk 1:30:44]} Nf6
{[%clk 1:31:07]} 3. Nc3 {[%clk 1:30:42]} Bg7 {[%clk 1:31:31]} 4. e4
{[%clk 1:30:46]} d6 {[%clk 1:31:52]} 5. Nf3 {[%clk 1:30:34]} O-O {[%clk 1:32:10]}
6. Be2 {[%clk 1:30:24]} e5 {[%clk 1:32:24]} 7. dxe5 {[%clk 1:29:37]} dxe5
{[%clk 1:32:38]} 8. Qxd8 {[%clk 1:29:58]} Rxd8 {[%clk 1:33:01]} 9. Bg5
{[%clk 1:30:10]} Re8 {[%clk 1:33:22]} 10. h3 {[%clk 1:28:46]} c6 {[%clk 1:33:25]}
11. O-O-O {[%clk 1:27:24]} Nbd7 {[%clk 1:32:18]} 12. Rd6 {[%clk 1:24:17]} h6
{[%clk 1:29:09]} 13. Be3 {[%clk 1:23:36]} Bf8 {[%clk 1:28:20]} 14. Rdd1
{[%clk 1:22:18]} Nc5 {[%clk 1:26:12]} 15. Nd2 {[%clk 1:18:54]} a5
{[%clk 1:23:59]} 16. g4 {[%clk 1:15:34]} Ne6 {[%clk 1:18:55]} 17. Nb3
{[%clk 1:04:35]} a4 {[%clk 1:18:25]} 18. Na1 {[%clk 1:04:03]} a3 {[%clk 1:18:09]}
19. b3 {[%clk 1:02:03]} Nf4 {[%clk 1:14:57]} 20. Bf3 {[%clk 0:59:29]} Be6
{[%clk 1:02:11]} 21. Nc2 {[%clk 0:56:06]} Red8 {[%clk 0:51:56]} 22. Bxf4
{[%clk 0:44:38]} exf4 {[%clk 0:51:06]} 23. Rxd8 {[%clk 0:41:30]} Rxd8
{[%clk 0:51:29]} 24. Rd1 {[%clk 0:40:36]} Rb8 {[%clk 0:41:59]} 25. Be2
{[%clk 0:37:11]} Bg7 {[%clk 0:37:01]} 26. Rd3 {[%clk 0:32:10]} b5
{[%clk 0:34:38]} 27. cxb5 {[%clk 0:30:08]} cxb5 {[%clk 0:33:09]} 28. Nxb5
{[%clk 0:20:15]} Nxe4 {[%clk 0:30:41]} 29. Ncxa3 {[%clk 0:18:38]} Rc8+
{[%clk 0:26:55]} 30. Kb1 {[%clk 0:18:41]} Nxf2 {[%clk 0:26:50]} 31. Rf3
{[%clk 0:17:43]} Bd5 {[%clk 0:25:55]} 32. Rxf2 {[%clk 0:16:15]} Be4+
{[%clk 0:25:31]} 33. Nc2 {[%clk 0:16:33]} Rxc2 {[%clk 0:23:04]} 34. Nd6
{[%clk 0:16:41]} Rxe2+ {[%clk 0:22:06]} 35. Nxe4 {[%clk 0:17:03]} Rxe4
{[%clk 0:22:22]} 36. a4 {[%clk 0:17:20]} Bd4 {[%clk 0:22:27]} 0-1

[Event "MPA 1820 2024"]
[Site "Sianozety"]
[Date "2024.04.12"]
[Round "4.8"]
[White "Pierzak, Rafael"]
[Black "Warsinski, Pawel"]
[Result "1-0"]
[BlackElo "1701"]
[WhiteElo "1819"]
[LiveChessVersion "1.4.4"]

1. d4 {[%clk 1:30:56]} Nf6 {[%clk 1:30:56]} 2. Nf3 {[%clk 1:31:23]} e6
{[%clk 1:31:20]} 3. c4 {[%clk 1:31:42]} d5 {[%clk 1:31:46]} 4. Nc3
{[%clk 1:32:02]} c6 {[%clk 1:32:11]} 5. e3 {[%clk 1:32:17]} Nbd7 {[%clk 1:31:53]}
6. Bd2 {[%clk 1:32:23]} Be7 {[%clk 1:30:41]} 7. Rc1 {[%clk 1:32:05]} O-O
{[%clk 1:28:22]} 8. Be2 {[%clk 1:32:24]} dxc4 {[%clk 1:23:09]} 9. Bxc4
{[%clk 1:32:46]} b5 {[%clk 1:22:39]} 10. Bd3 {[%clk 1:33:10]} a6 {[%clk 1:20:06]}
11. Ne4 {[%clk 1:32:11]} Bb7 {[%clk 1:19:25]} 12. b4 {[%clk 1:25:30]} Rc8
{[%clk 1:12:02]} 13. O-O {[%clk 1:24:38]} Kh8 {[%clk 0:40:06]} 14. a3
{[%clk 1:08:15]} c5 {[%clk 0:27:15]} 15. Nxf6 {[%clk 1:04:53]} Nxf6
{[%clk 0:27:37]} 16. bxc5 {[%clk 1:01:57]} Bxc5 {[%clk 0:23:45]} 17. dxc5
{[%clk 0:49:20]} Qxd3 {[%clk 0:24:06]} 18. Bb4 {[%clk 0:49:43]} Qe4
{[%clk 0:17:23]} 19. c6 {[%clk 0:47:48]} Bxc6 {[%clk 0:16:16]} 20. Bxf8
{[%clk 0:48:11]} Rxf8 {[%clk 0:16:40]} 21. Qd4 {[%clk 0:45:20]} Qxd4
{[%clk 0:14:04]} 22. Nxd4 {[%clk 0:45:44]} Bd5 {[%clk 0:14:20]} 23. Rc7
{[%clk 0:44:26]} Ra8 {[%clk 0:12:18]} 24. Rfc1 {[%clk 0:43:23]} Bc4
{[%clk 0:12:32]} 25. Nc6 {[%clk 0:40:00]} Kg8 {[%clk 0:10:08]} 26. Ne5
{[%clk 0:39:48]} h6 {[%clk 0:07:18]} 27. Nxc4 {[%clk 0:40:00]} bxc4
{[%clk 0:07:37]} 28. R1xc4 {[%clk 0:40:12]} 1-0